Bayldon's art of valuing rents and tillages, and the tenant's right on entering and quitting farms (Record no. 113878)

MARC details
000 -LEADER
fixed length control field 00962cam a22002175a 4500
001 - CONTROL NUMBER
control field L155858
008 - FIXED-LENGTH DATA ELEMENTS--GENERAL INFORMATION
fixed length control field 120418s1840 xxk f 000 0 eng d
035 ## - SYSTEM CONTROL NUMBER
System control number (Sirsi) u155858
041 0# - LANGUAGE CODE
Language code of text/sound track or separate title eng
100 1# - MAIN ENTRY--PERSONAL NAME
Personal name Bayldon, J. S.
245 00 - TITLE STATEMENT
Title Bayldon's art of valuing rents and tillages, and the tenant's right on entering and quitting farms
Remainder of title explained by several specimens of valuations, and remarks on the cultivation pursued on soils in different situations : adapted to the use of landlords, land-agents, appraisers, farmers, and tenants
250 ## - EDITION STATEMENT
Edition statement 5th ed.
Remainder of edition statement rewritten and enlarged by John Donaldson
260 ## - PUBLICATION, DISTRIBUTION, ETC.
Place of publication, distribution, etc. London
Name of publisher, distributor, etc. Printed for Longman, Orme, Brown, Green, and Longmans
Date of publication, distribution, etc. 1840
300 ## - PHYSICAL DESCRIPTION
Extent viii, 328 p., [1] leaf of plates
Other physical details ill.
Dimensions 23 cm.
583 ## - ACTION NOTE
Action Condition reviewed
Time/date of action 20120620
Status condition level 1
651 #4 - SUBJECT ADDED ENTRY--GEOGRAPHIC NAME
Geographic name Great Britain
Chronological subdivision 1707-
690 ## - LOCAL SUBJECT ADDED ENTRY--TOPICAL TERM (OCLC, RLIN)
Topical term or geographic name as entry element Rural
9 (RLIN) 6268
690 ## - LOCAL SUBJECT ADDED ENTRY--TOPICAL TERM (OCLC, RLIN)
Topical term or geographic name as entry element Landlord and tenant
9 (RLIN) 6252
700 1# - ADDED ENTRY--PERSONAL NAME
Personal name Donaldson, John
942 ## - ADDED ENTRY ELEMENTS (KOHA)
Suppress in OPAC 0
Holdings
Withdrawn status Lost status Damaged status Not for loan Home library Current library Shelving location Date acquired Total Checkouts Full call number Barcode Date last seen Copy number Price effective from Koha item type
        Historic collection Historic collection Historic collection 18/04/2012   PRICE OCTAVO 1840 BAYLDON 30076759 20/08/2025 1 06/08/2019 Book